pays par emojis 🗾 - Statistiques

Statistiques générales
  • Ce quiz a été pris 761 fois
  • Le résultat moyen est 10 sur 14
Statistiques - réponses
Hint Réponse % Correct
🥖 🍷 france
96%
🍁 🦌 canada
94%
🍔 🚖 états unis
93%
🍝 👢 italie
91%
💂🏽‍♂️ 🫖 royaume uni
89%
👘 🌅 japon
86%
🍺 ⚽️ allemagne
83%
🏛 🥒 grèce
72%
🗿 🌶️ chili
64%
⌚️ 🐄 suisse
64%
🦙 ⛰ pérou
55%
🐈‍⬛ 🦅 égypte
28%
🦒 🦁 kenya
28%
🌌 ❄️ danemark
26%
Aucun quiz correspondant
Distribution des résultats
% des personnes avec chaque résultat
Percentile par nombre de réponses
Votre historique - résultats
Vous n’avez pas pris ce quiz